Bài tập di truyền : sách dùng cho các trường đại học và cao đẳng /
Đã lưu trong:
| Tác giả chính: | |
|---|---|
| Tác giả khác: | , |
| Định dạng: | Sách giấy |
| Ngôn ngữ: | Vietnamese |
| Được phát hành: |
H. :
Giáo dục,
2007.
|
| Những chủ đề: | |
| Các nhãn: |
Thêm thẻ
Không có thẻ, Là người đầu tiên thẻ bản ghi này!
|
| Thư viện lưu trữ: | Thư viện Trường Đại học Đà Lạt |
|---|
| LEADER | 00896nam a2200325 4500 | ||
|---|---|---|---|
| 001 | DLU080062247 | ||
| 005 | ##20080321 | ||
| 008 | ##021230t vn z000 vie d | ||
| 040 | # | # | |a DLU |b vie |
| 041 | # | # | |a vie |
| 044 | # | # | |a vn |
| 082 | # | # | |a 576.5 |b NG-C |
| 100 | # | # | |a Nguyễn Minh Công. |
| 245 | # | # | |a Bài tập di truyền : |b sách dùng cho các trường đại học và cao đẳng / |c Nguyễn Minh Công, Vũ Đức Lưu, Lê Đình Trung. |
| 260 | # | # | |a H. : |b Giáo dục, |c 2007. |
| 300 | # | # | |a 159 tr. : |b minh hoạ ; |c 27 cm. |
| 653 | # | # | |a Bài tập |
| 653 | # | # | |a Di truyền học |
| 700 | # | # | |a Lê Đình Trung. |
| 700 | # | # | |a Vũ Đức Lưu. |
| 923 | # | # | |a 01/2008 |
| 992 | # | # | |a 21000 |
| 994 | # | # | |a DLU |
| 900 | # | # | |a True |
| 911 | # | # | |a Đào Thị Thu Huyền |
| 925 | # | # | |a G |
| 926 | # | # | |a A |
| 927 | # | # | |a SH |
| 980 | # | # | |a Thư viện Trường Đại học Đà Lạt |